000 02093nam a2200469 c 4500
001 53264
003 ES-MaCES
005 20250203133054.0
007 cr |||||||||||
008 240719s2023 sp d r o000 | spa d
020 _a978-84-8417-617-6 (pdf)
024 7 _a117-23-011-8
_2nipo
040 _aES-MaCES
_bspa
_cES-MaCES
245 0 3 _aLa negociación colectiva en el sector agrario
_hRecurso electrónico
_cdir., Susana Rodríguez Escanciano ; coord., Henar Álvarez Cuesta ; autores, Beatriz Agra Viforcos ... [et al. ]
260 _aMadrid
_bMinisterio de Trabajo y Economía Social, Subdirección General de Informes, Recursos y Publicaciones
_c[2023]
300 _a1 documento pdf (59,5 mb)
490 1 _aColección Informes y estudios. Serie Relaciones laborales
_v129
500 _aEn la cub., además: Comisión Consultiva Nacional de Convenios Colectivos
541 _cGratuito
650 4 _asector agrícola
_927488
650 4 _apolítica agraria
_927494
650 4 _apolítica comunitaria
_930776
650 4 _adesarrollo agrícola
_927491
650 4 _adesarrollo sostenible
_930785
650 4 _apolítica de empleo
_928300
650 4 _anegociación colectiva
_928362
650 4 _aconvenio colectivo
_928361
650 4 _acondiciones de trabajo
_928327
650 4 _acondiciones de empleo
_930040
650 4 _aEspaña
_926964
653 1 0 _aRelaciones laborales-Empleo
700 1 2 _aRodríguez Escanciano, Susana
_922329
_edir.
700 1 2 _aÁlvarez Cuesta, Henar
_96119
_ecol.
700 1 2 _aAgra Viforcos, Beatriz
_95642
710 1 _aEspaña
_bMinisterio de Trabajo y Economía Social
_eed.
_939731
710 1 _aComisión Consultiva Nacional de Convenios Colectivos (España)
_92011
787 0 _tLa negociación colectiva en el sector agrario
_w(ES-MaCES)19941
830 0 _aColección Informes y estudios (España. Ministerio de Trabajo y Economía Social)
_pSerie Relaciones laborales
_v129
_939985
856 4 _uhttp://biblioteca.ces.es/repintra/B53264.pdf
_ytexto completo
902 _aELE PUB. ELECTRONICA
942 _2CES
_cBK
_h2.0.
999 _c53264
_d53264